Family fishing gears in sombor district of kratie province, ការសិក្សាពីឧបករណ៍នេសាទជាលក្ខណៈគ្រួសារនៅស្រុកសំបូរ​ខេត្តក្រចេះ (Record no. 3945)

000 -LEADER
fixed length control field 00597nam a22001337a 4500
040 ## - CATALOGING SOURCE
Transcribing agency RUA
082 ## - DEWEY DECIMAL CLASSIFICATION NUMBER
Classification number FIS HEN 2011 B183 Or.1
100 ## - MAIN ENTRY--AUTHOR NAME
Personal name HENG, SARAM.
245 ## - TITLE STATEMENT
Title Family fishing gears in sombor district of kratie province, ការសិក្សាពីឧបករណ៍នេសាទជាលក្ខណៈគ្រួសារនៅស្រុកសំបូរ​ខេត្តក្រចេះ
260 ## - PUBLICATION, DISTRIBUTION, ETC. (IMPRINT)
Place of publication Phnom Penh
Name of publisher RUA
Year of publication 2011
300 ## - PHYSICAL DESCRIPTION
Number of Pages ix; 39cm.
Other physical details ill.
Dimensions 29cm.
856 ## - ELECTRONIC LOCATION AND ACCESS
Uniform Resource Identifier https://drive.google.com/file/d/1n3ZHLAspHJ9GIlBkuBOehpCgBsUA5OQj/view?usp=sharing
942 ## - ADDED ENTRY ELEMENTS (KOHA)
Koha item type FIS
952 ## - LOCATION AND ITEM INFORMATION (KOHA)
Withdrawn status [LOCAL, KOHA] 0
952 ## - LOCATION AND ITEM INFORMATION (KOHA)
Withdrawn status [LOCAL, KOHA] 0
952 ## - LOCATION AND ITEM INFORMATION (KOHA)
Withdrawn status [LOCAL, KOHA] 0
952 ## - LOCATION AND ITEM INFORMATION (KOHA)
Withdrawn status [LOCAL, KOHA] 0
952 ## - LOCATION AND ITEM INFORMATION (KOHA)
Withdrawn status [LOCAL, KOHA] 0
952 ## - LOCATION AND ITEM INFORMATION (KOHA)
Withdrawn status [LOCAL, KOHA] 0
Holdings
Permanent Location Date acquired Koha item type Lost status Shelving location Barcode Current Location Full call number
Library Block B2015-12-03FIS B183RUA036632Library Block BFIS HEN 2011 B183 Or.1
Library Block B2015-12-03FIS B183RUA035771Library Block BFIS HEN 2011 B183 Or.2
Library Block B2015-12-03FIS B183RUA036627Library Block BFIS HEN 2011 B183 Or.3
Library Block B2015-12-03FIS B183RUA036843Library Block BFIS HEN 2011 B183 Or.4
Library Block B2015-12-03FIS B183RUA036748Library Block BFIS HEN 2011 B183 Or.5
Library Block B2015-12-03FIS B183RUA042671Library Block BFIS HEN 2011 B183 Or.6
មជ្ឈមណ្ឌលឯការនៃសាកលវិទ្យាល័យភូមិន្ទកសិកម្មចំការដូង

Powered by Koha